LEADER 00929nam1 2200337 450 001 990008537770403321 005 20070712101620.0 035 $a000853777 035 $aFED01000853777 035 $a(Aleph)000853777FED01 035 $a000853777 100 $a20070712g--------km-y0itay50------ba 101 0 $alat 102 $aBE 105 $ay---h---001yy 200 1 $aBedae venerabilis Opera 210 $aTurnholti$cTypographi Brepols editores pontificii$d196?- 215 $av.$d26 cm 225 1 $aCorpus Christianorum. Series Latina 517 1 $aBedae opera 610 0 $aStoria della chiesa$aPersone 610 0 $aScritti miscellanei latini 676 $a270.2092$v21$zita 676 $a878.02$v21$zita 700 1$aBeda$f<673-735>$0157888 801 0$aIT$bUNINA$gRICA$2UNIMARC 901 $aBK 912 $a990008537770403321 959 $aFLFBC 996 $aBedae venerabilis Opera$9710089 997 $aUNINA LEADER 01330cam0-2200445---450 001 990004691560403321 005 20230113123433.0 035 $a000469156 035 $aFED01000469156 035 $a(Aleph)000469156FED01 100 $a19990604d1975----km-y0itay50------ba 101 1 $aita$cger 102 $aIT 105 $ay-------001yy 200 1 $aA che serve l'ideologia$fErnst Topitsch$gprefazione di Furio Cerutti 210 $aBari$cLaterza$d1975 215 $aXIV, 167 p.$d22 cm 225 1 $aSaggi tascabili Laterza$v16 454 0$12001$aSozialphilosophie zwischen Ideologie und Wissenschaft$942640 676 $a320.5$v23$zita 676 $a306.2$v23$zita 676 $a300.1$v23$zita 700 1$aTopitsch,$bErnst$0160184 702 1$aCerutti,$bFurio$f<1938- > 801 0$aIT$bUNINA$gREICAT$2UNIMARC 901 $aBK 912 $a990004691560403321 952 $aSDI-2KB1 72$bs.i.$fSDI 952 $aXI N 490$b25698*$fFGBC 952 $a300.1 TOP 1$bIst.Fil.Cl.7037$fFLFBC 952 $aCOLLEZ. 94 (16)$b7564$fFSPBC 952 $aXI G T 9$bs.i.$fDFD 952 $aFondo Santamaria 151$b45287$fFSPBC 959 $aFLFBC 959 $aFSPBC 959 $aFGBC 959 $aDFD 959 $aSDI 996 $aSozialphilosophie zwischen Ideologie und Wissenschaft$942640 997 $aUNINA